000 00889nam a2200301 4500
001 36330
010 _a9789727803408
021 _aPT
_b338155/11
090 _a36330
100 _a20121120d2011 m y0pory5003 ba
101 0 _apor
102 _aPT
200 1 _aPsicomotricidade e neuropsicologia
_euma abordagem evolucionista
_fVitor da Fonseca
205 _a1.ª ed
210 9 _aLisboa
_cÂncora,
_d2011
215 _a167 p.
_cil.
_d23 cm
225 2 _aObras de Vitor da Fonseca
305 _aBibliografia, p. 157-167
606 _96711
_aPsicomotricidade
675 _a159.943
_vBN
_zpor
675 _a159.946
_vBN
_zpor
675 _a612.8
_vBN
_zpor
675 _a572.1/.4
_vBN
_zpor
700 1 _aFonseca,
_bVítor da
_96591
801 0 _aPT
_bBN
_gRPC
856 4 1 _uhttp://rnod.bnportugal.gov.pt/ImagesBN/winlibimg.aspx?skey=&doc=1823824&img=19952&save=true
990 _cLIVROS
994 _aCOMP